[Event "Lukowica qual"]
[Site "Lukowica"]
[Date "2012.06.04"]
[Round "?"]
[White "Sukiennik, Marek"]
[Black "Michalik, Marek"]
[Result "1/2-1/2"]
[WhiteElo "1974"]
[BlackElo "1805"]
[PlyCount "34"]
[EventDate "2012.05.31"]
[EventType "tourn"]
[EventRounds "9"]
[EventCountry "POL"]
[SourceTitle "EXT 2023"]
[Source "ChessBase"]
[SourceDate "2022.10.05"]
[SourceVersion "1"]
[SourceVersionDate "2022.10.05"]
[SourceQuality "1"]

1. e4 Nf6 2. e5 Nd5 3. c4 Nb6 4. c5 Nd5 5. Nc3 e6 6. Bc4 Bxc5 7. Nxd5 exd5 8. Bxd5 c6 9. Bb3 Qg5 10. Qf3 Qxe5+ 11. Ne2 0-0 12. 0-0 d5 13. d4 Bxd4 14. Bf4 Qf6 15. Nxd4 Qxd4 16. Qg3 Nd7 17. Rfd1 Qf6 1/2-1/2

[Event "POL-ch Teachers"]
[Site "Krakow"]
[Date "2012.??.??"]
[Round "1"]
[White "Michalik, Marek"]
[Black "Probola, Ryszard"]
[Result "0-1"]
[WhiteElo "1893"]
[BlackElo "2172"]
[PlyCount "102"]
[EventDate "2012.??.??"]
[EventType "swiss"]
[EventRounds "9"]
[EventCountry "POL"]
[SourceTitle "EXT 2014"]
[Source "ChessBase"]
[SourceDate "2013.11.20"]
[SourceVersion "1"]
[SourceVersionDate "2013.11.20"]
[SourceQuality "1"]

1. e4 e5 2. d4 Nc6 3. d5 Nce7 4. Bd3 Ng6 5. c4 Bb4+ 6. Nc3 Nf6 7. Nf3 Bxc3+ 8. bxc3 d6 9. Bg5 h6 10. Be3 b6 11. a4 a5 12. Nd2 Ng4 13. Qe2 Bd7 14. Nb1 Nxe3 15. Qxe3 Qg5 16. Qxg5 hxg5 17. Bc2 0-0-0 18. Na3 Rh4 19. 0-0-0 Rdh8 20. h3 g4 21. Nb5 gxh3 22. g3 R4h6 23. Rh2 Ne7 24. Rf1 g5 25. f3 Rf6 26. Kd2 Ng8 27. Bd1 Nh6 28. Rfh1 g4 29. fxg4 Nxg4 30. Rxh3 Rxh3 31. Rxh3 Kb7 32. Bxg4 Bxg4 33. Rh7 Bf3 34. Rh4 Bg2 35. Rg4 Bf1 36. Na3 Rf2+ 37. Ke1 Ra2 38. Kxf1 Rxa3 39. Rg7 Rxa4 40. Rxf7 Rxc4 41. Ke2 Rxe4+ 42. Kf3 Rc4 43. g4 Rxc3+ 44. Kg2 a4 45. g5 a3 46. g6 a2 47. Rf1 Ra3 48. g7 Ra8 49. Rf8 a1Q 50. g8Q Qa2+ 51. Kg1 Rxf8 0-1

[Event "POL-ch Teachers"]
[Site "Krakow"]
[Date "2010.06.04"]
[Round "5.12"]
[White "Garbowski, Jakub"]
[Black "Michalik, Marek"]
[Result "0-1"]
[WhiteElo "1595"]
[BlackElo "1824"]
[PlyCount "58"]
[EventDate "2010.06.03"]
[EventType "swiss"]
[EventRounds "9"]
[EventCountry "POL"]
[SourceTitle "EXT 2023"]
[Source "ChessBase"]
[SourceDate "2022.10.05"]
[SourceVersion "1"]
[SourceVersionDate "2022.10.05"]
[SourceQuality "1"]

1. e4 Nf6 2. e5 Nd5 3. c4 Nb6 4. d4 d6 5. f4 dxe5 6. fxe5 Nc6 7. Nf3 Bg4 8. Be2 Qd7 9. Be3 0-0-0 10. c5 Bxf3 11. Bxf3 Nc4 12. Bf4 Qxd4 13. Qxd4 Nxd4 14. Be4 e6 15. 0-0 Bxc5 16. Kh1 Nxb2 17. Nc3 Bb4 18. Rac1 Rd7 19. Rf2 Nc4 20. Bd3 Nb6 21. Be3 h6 22. Ne4 Nf5 23. Bxb6 axb6 24. Bb1 Rhd8 25. a4 Ne3 26. Rg1 Rd1 27. Ba2 Rxg1+ 28. Kxg1 Rd1+ 29. Rf1 Rxf1# 0-1

[Event "Nowy Sacz-ch"]
[Site "Nowy Sacz"]
[Date "2000.11.26"]
[Round "4"]
[White "Michalik, Marek"]
[Black "Majca, Piotr"]
[Result "0-1"]
[WhiteElo "1800"]
[BlackElo "1800"]
[PlyCount "60"]
[EventDate "2000.11.25"]
[EventType "swiss"]
[EventRounds "9"]
[EventCountry "POL"]
[SourceTitle "EXT 2005"]
[Source "ChessBase"]
[SourceDate "2004.11.15"]
[SourceVersion "1"]
[SourceVersionDate "2004.11.15"]
[SourceQuality "1"]

1. e4 e6 2. d4 d5 3. Nc3 Nf6 4. Bg5 Be7 5. e5 Nfd7 6. h4 c5 7. Nb5 Qb6 8. Bxe7 Kxe7 9. Qg4 Kf8 10. 0-0-0 cxd4 11. f4 Nc6 12. Nf3 h6 13. Bd3 Nc5 14. Nd6 Bd7 15. Qh5 Be8 16. Rhe1 Nb4 17. Rd2 Rd8 18. f5 Nxa2+ 19. Kd1 Qxb2 20. Ke2 Nc3+ 21. Kf1 N5e4 22. Bxe4 Rxd6 23. exd6 Nxe4 24. Rxe4 dxe4 25. Nxd4 e3 26. Rd3 e5 27. d7 Bxd7 28. Ne6+ fxe6 29. Rxd7 Qb5+ 30. Rd3 e4 0-1

[Event "Podhale-ch 16th"]
[Site "Rabka Zdroj"]
[Date "2000.02.19"]
[Round "3"]
[White "Magierski, Mieczyslaw"]
[Black "Michalik, Marek"]
[Result "1-0"]
[WhiteElo "2000"]
[BlackElo "1800"]
[PlyCount "83"]
[EventDate "2000.02.18"]
[EventType "swiss"]
[EventRounds "9"]
[EventCountry "POL"]
[SourceTitle "EXT 2005"]
[Source "ChessBase"]
[SourceDate "2004.11.15"]
[SourceVersion "1"]
[SourceVersionDate "2004.11.15"]
[SourceQuality "1"]

1. c4 Nf6 2. Nc3 d5 3. cxd5 Nxd5 4. g3 g6 5. Bg2 Nxc3 6. bxc3 Bg7 7. Rb1 Nd7 8. Nf3 0-0 9. 0-0 c5 10. c4 Qa5 11. Qc2 Rb8 12. Rb5 Qc7 13. Bb2 b6 14. Bxg7 Kxg7 15. Qe4 Nf6 16. Qc2 e5 17. d3 Re8 18. Ng5 Ba6 19. Rb2 Rbd8 20. Qa4 Bc8 21. Rfb1 Re7 22. Qc2 Bb7 23. Bxb7 Qxb7 24. a4 h6 25. Nf3 e4 26. Ne1 Qa6 27. Rb5 exd3 28. Nxd3 Rde8 29. Re1 Ne4 30. Nf4 Ng5 31. Qc3+ f6 32. Nd5 Ne4 33. Qb2 Rf7 34. Qc2 Nd6 35. Nf4 f5 36. Qc3+ Kg8 37. Nxg6 Rg7 38. Nh4 Nxb5 39. axb5 Qc8 40. Qf6 Qe6 41. Qxe6+ Rxe6 42. Nxf5 1-0